Chapter 1 Introduction to Learning by Design (Record no. 10957)
[ view plain ]
| 000 -LEADER | |
|---|---|
| fixed length control field | 00476nam a2200121Ia 4500 |
| 008 - FIXED-LENGTH DATA ELEMENTS--GENERAL INFORMATION | |
| fixed length control field | 220615s9999||||xx |||||||||||||| ||und|| |
| 100 ## - MAIN ENTRY--PERSONAL NAME | |
| Personal name | Zapata, Gabriela C. |
| 245 #0 - TITLE STATEMENT | |
| Title | Chapter 1 Introduction to Learning by Design |
| 546 ## - LANGUAGE NOTE | |
| Language note | English[eng] |
| 650 ## - SUBJECT ADDED ENTRY--TOPICAL TERM | |
| Topical term or geographic name entry element | Learning, Practice, Research, Second, Teaching, Theory, Zapata, Language, Gabriela, Design |
| 856 ## - ELECTRONIC LOCATION AND ACCESS | |
| Uniform Resource Identifier | <a href="https://library.oapen.org/bitstream/20.500.12657/54053/1/9781003106258_10.4324_9781003106258-1.pdf">https://library.oapen.org/bitstream/20.500.12657/54053/1/9781003106258_10.4324_9781003106258-1.pdf</a> |
| 942 ## - ADDED ENTRY ELEMENTS (KOHA) | |
| Koha item type | E-Books |
| Withdrawn status | Lost status | Damaged status | Not for loan | Home library | Current library | Date acquired | Total Checkouts | Date last seen | Price effective from | Koha item type |
|---|---|---|---|---|---|---|---|---|---|---|
| Kerala University of Digital Sciences, Innovation and Technology Knowledge Centre | Kerala University of Digital Sciences, Innovation and Technology Knowledge Centre | 15/06/2022 | 15/06/2022 | 15/06/2022 | E-Books |